| 000 | 00962nam a22002657a 4500 | ||
|---|---|---|---|
| 005 | 2011090608228.0 | ||
| 008 | 110906t xxu||||| |||| 00| 0 eng d | ||
| 010 | _aENG-103630 | ||
| 020 |
_a9788120343801 _c395.00 |
||
| 035 | _aEN-87163 | ||
| 037 | _bDBAD/PUB | ||
| 040 |
_aDPL _bEng |
||
| 082 | _a333.9511 | ||
| 100 |
_934250 _aMaiti, Prabodh K. |
||
| 245 |
_aBiodiversity : _cby Prabodh K. Maiti [and] Paulami Maiti _bperception, peril and preservation / |
||
| 260 |
_aNew Delhi _bPHI Learning _c2011 |
||
| 270 |
_aM-97, Connaught Circus _bNew Delhi _e110001 |
||
| 300 |
_axvii,542p. : _c24cm (pbk) _bill. |
||
| 500 | _aIncludes bibliographical references and index. | ||
| 610 | _934253 | ||
| 650 | _934251 | ||
| 700 |
_934258 _aMaiti, Paulami |
||
| 942 |
_2ddc _cEN _h333.9511 _mMAI |
||
| 999 |
_c56395 _d56395 |
||